[Event "MBF Group OPEN D"]
[Site "?"]
[Date "2022.12.11"]
[Round "13.11"]
[White "Masternak, Aleksander"]
[Black "Pycinski, Wladyslaw"]
[Result "0-1"]
[BlackElo "1699"]
[WhiteElo "2093"]
[LiveChessVersion "1.4.8"]

1. Nf3 {[%clk 0:02:54]} c5 {[%clk 0:03:03]} 2. c4 {[%clk 0:02:55]} Nf6
{[%clk 0:03:03]} 3. Nc3 {[%clk 0:02:56]} g6 {[%clk 0:03:00]} 4. g3
{[%clk 0:02:57]} Bg7 {[%clk 0:03:01]} 5. Bg2 {[%clk 0:02:58]} O-O
{[%clk 0:03:01]} 6. O-O {[%clk 0:02:58]} Nc6 {[%clk 0:03:02]} 7. d4
{[%clk 0:02:59]} cxd4 {[%clk 0:03:02]} 8. Nxd4 {[%clk 0:03:00]} Nxd4
{[%clk 0:03:03]} 9. Qxd4 {[%clk 0:03:00]} d6 {[%clk 0:03:04]} 10. Qd3
{[%clk 0:03:01]} Bf5 {[%clk 0:03:03]} 11. e4 {[%clk 0:02:52]} Be6
{[%clk 0:03:04]} 12. b3 {[%clk 0:02:45]} a5 {[%clk 0:02:57]} 13. Bb2
{[%clk 0:02:35]} Nd7 {[%clk 0:02:58]} 14. Qd2 {[%clk 0:02:28]} Nc5
{[%clk 0:02:56]} 15. Rfd1 {[%clk 0:02:00]} Qb6 {[%clk 0:02:54]} 16. Nd5
{[%clk 0:01:46]} Bxd5 {[%clk 0:02:53]} 17. Bxg7 {[%clk 0:01:42]} Kxg7
{[%clk 0:02:47]} 18. Qxd5 {[%clk 0:01:31]} a4 {[%clk 0:02:35]} 19. e5
{[%clk 0:01:00]} axb3 {[%clk 0:02:17]} 20. axb3 {[%clk 0:00:59]} Rxa1
{[%clk 0:00:38]} 21. Rxa1 {[%clk 0:00:59]} Qxb3 {[%clk 0:00:34]} 22. exd6
{[%clk 0:00:50]} exd6 {[%clk 0:00:36]} 23. Qd4+ {[%clk 0:00:29]} Kg8
{[%clk 0:00:30]} 24. Bd5 {[%clk 0:00:27]} Qb6 {[%clk 0:00:04]} 25. h4
{[%clk 0:00:18]} Qc7 {[%clk 0:00:04]} 26. Re1 {[%clk 0:00:14]} Qd8
{[%clk 0:00:04]} 27. h5 {[%clk 0:00:10]} Qg5 {[%clk 0:00:03]} 28. hxg6
{[%clk 0:00:06]} hxg6 {[%clk 0:00:05]} 29. Qe3 {[%clk 0:00:07]} Qxe3
{[%clk 0:00:05]} 30. Rxe3 {[%clk 0:00:08]} Kg7 {[%clk 0:00:04]} 31. Re7
{[%clk 0:00:09]} Kf6 {[%clk 0:00:06]} 32. Rc7 {[%clk 0:00:10]} Ke5
{[%clk 0:00:04]} 33. Kg2 {[%clk 0:00:10]} f5 {[%clk 0:00:04]} 34. Kf1
{[%clk 0:00:10]} Kd4 {[%clk 0:00:05]} 35. Rg7 {[%clk 0:00:10]} Rf6
{[%clk 0:00:06]} 36. Ke2 {[%clk 0:00:11]} b6 {[%clk 0:00:06]} 37. Rh7
{[%clk 0:00:11]} Ne4 {[%clk 0:00:05]} 38. Rh4 {[%clk 0:00:09]} Ke5
{[%clk 0:00:05]} 39. Ke3 {[%clk 0:00:09]} g5 {[%clk 0:00:06]} 40. Rh5
{[%clk 0:00:09]} Rg6 {[%clk 0:00:04]} 41. Rh8 {[%clk 0:00:08]} Nc5
{[%clk 0:00:04]} 42. Rf8 {[%clk 0:00:09]} f4+ {[%clk 0:00:04]} 43. Kf3
{[%clk 0:00:07]} fxg3 {[%clk 0:00:04]} 44. Kxg3 {[%clk 0:00:08]} Kd4
{[%clk 0:00:05]} 45. Kg4 {[%clk 0:00:08]} Nd3 46. Rf5 {[%clk 0:00:06]} Ne5+
{[%clk 0:00:07]} 47. Kh5 {[%clk 0:00:07]} Rg7 {[%clk 0:00:08]} 48. Rxg5
{[%clk 0:00:08]} Rxg5+ {[%clk 0:00:09]} 49. Kxg5 {[%clk 0:00:09]} Nxc4
{[%clk 0:00:11]} 50. Bxc4 {[%clk 0:00:09]} Kxc4 {[%clk 0:00:12]} 51. f4
{[%clk 0:00:11]} d5 {[%clk 0:00:10]} 52. f5 {[%clk 0:00:12]} d4 {[%clk 0:00:11]}
53. f6 {[%clk 0:00:13]} d3 {[%clk 0:00:11]} 54. f7 {[%clk 0:00:14]} d2
{[%clk 0:00:13]} 55. f8=Q {[%clk 0:00:15]} d1=Q {[%clk 0:00:14]} 56. Qc8+
{[%clk 0:00:07]} Kb5 {[%clk 0:00:15]} 57. Qe8+ {[%clk 0:00:07]} Kc5
{[%clk 0:00:14]} 58. Qc8+ {[%clk 0:00:07]} Kb4 {[%clk 0:00:15]} 59. Qf8+
{[%clk 0:00:05]} Kc3 {[%clk 0:00:14]} 60. Qc8+ {[%clk 0:00:04]} Kb2
{[%clk 0:00:13]} 61. Qh8+ {[%clk 0:00:03]} Kc1 {[%clk 0:00:12]} 62. Qa1+ Kc2 0-1

[Event "MBF Group OPEN D"]
[Site "?"]
[Date "2022.12.11"]
[Round "13.12"]
[White "Mazurkiewicz, Michal"]
[Black "Karut, Kacper"]
[Result "1-0"]
[BlackElo "1661"]
[WhiteElo "2081"]
[LiveChessVersion "1.4.8"]

1. e4 {[%clk 0:03:04]} c5 {[%clk 0:03:04]} 2. Nf3 {[%clk 0:03:05]} d6
{[%clk 0:03:05]} 3. g3 {[%clk 0:03:06]} Nc6 {[%clk 0:03:04]} 4. Bg2
{[%clk 0:03:08]} Nf6 {[%clk 0:03:05]} 5. d3 {[%clk 0:03:09]} g6 {[%clk 0:03:04]}
6. O-O {[%clk 0:03:10]} Bg7 {[%clk 0:03:05]} 7. Re1 {[%clk 0:03:12]} O-O
{[%clk 0:03:05]} 8. e5 {[%clk 0:03:13]} Nxe5 {[%clk 0:02:59]} 9. Nxe5
{[%clk 0:03:14]} dxe5 {[%clk 0:03:00]} 10. Rxe5 {[%clk 0:03:15]} e6
{[%clk 0:02:43]} 11. Rxc5 {[%clk 0:03:00]} Nd7 {[%clk 0:02:10]} 12. Rc4
{[%clk 0:02:47]} Qb6 {[%clk 0:01:52]} 13. Nc3 {[%clk 0:02:38]} Ne5
{[%clk 0:01:05]} 14. Re4 {[%clk 0:02:31]} Bd7 {[%clk 0:01:05]} 15. Qe1
{[%clk 0:01:56]} f6 {[%clk 0:00:30]} 16. Be3 {[%clk 0:01:24]} Qc7
{[%clk 0:00:20]} 17. Bf4 {[%clk 0:01:22]} Bc6 {[%clk 0:00:06]} 18. Bxe5
{[%clk 0:01:23]} fxe5 {[%clk 0:00:08]} 19. Re2 {[%clk 0:01:23]} Bxg2 20. Kxg2 1-0